000 00227nam a2200097Ia 4500
005 20251222114346.0
008 251222s1900||||xx |||||||||||||| ||spa||
082 _aDVD0090/D45/2004
245 0 _aDifundiendo la verdad:
942 _cDVD
999 _c1056
_d1056